[Event "Mittelfrank Regionalliga Nord-Ost 2223"]
[Site "Mittelfranken"]
[Date "2023.04.23"]
[Round "9.3"]
[White "Auburger, Philipp"]
[Black "Uphoff, Lennart"]
[Result "1-0"]
[WhiteElo "2056"]
[BlackElo "2171"]
[PlyCount "125"]
[EventDate "2022.10.09"]
[EventType "team-tourn"]
[EventRounds "9"]
[EventCountry "GER"]
[SourceTitle "EXT 2024"]
[Source "ChessBase"]
[SourceDate "2023.10.10"]
[SourceVersion "1"]
[SourceVersionDate "2023.10.10"]
[SourceQuality "1"]
[WhiteTeam "Forchheim SC"]
[BlackTeam "Regensburg Bavaria II"]
[WhiteTeamCountry "GER"]
[BlackTeamCountry "GER"]

1. e4 c6 2. c4 d5 3. exd5 cxd5 4. cxd5 Nf6 5. Bb5+ Nbd7 6. Nf3 Nxd5 7. Nc3 N5f6 8. d4 g6 9. 0-0 Bg7 10. Re1 0-0 11. Qe2 e6 12. Bf4 a6 13. Bd3 Nb6 14. Rac1 Bd7 15. Ne4 Bc6 16. Bg5 Bxe4 17. Bxe4 Nbd5 18. Rc5 Qb6 19. Bxd5 Nxd5 20. Rec1 h6 21. Bh4 Qd6 22. h3 Nf4 23. Qe4 Nd5 24. Bg3 Qb6 25. Qc2 Rad8 26. Bh4 Bf6 27. Bxf6 Nxf6 28. Ne5 Rxd4 29. Nxg6 Rfd8 30. Ne7+ Kf8 31. Nc8 Qb4 32. Qe2 Qd2 33. R5c2 Qxe2 34. Rxe2 Rd2 35. Rxd2 Rxd2 36. Rc7 Rxb2 37. Nd6 Rd2 38. Rxf7+ Kg8 39. Rxf6 Rxd6 40. Rxh6 Kg7 41. Rh4 Rd1+ 42. Kh2 Rd2 43. Rb4 Rxf2 44. Rxb7+ Kf6 45. a3 Ra2 46. Rb3 a5 47. Kg3 e5 48. Kf3 a4 49. Rc3 Ke6 50. h4 Rb2 51. h5 Rb3 52. Re3 Kd5 53. Ke2 Rb2+ 54. Kf1 e4 55. h6 Kd4 56. Rh3 e3 57. h7 Kd3 58. g4 Rb1+ 59. Kg2 Rb2+ 60. Kg3 e2 61. Rh1 Rb8 62. g5 Rf8 63. Re1 1-0

[Event "Mittelfrank Regionalliga Nord-Ost 2223"]
[Site "Mittelfranken"]
[Date "2023.03.19"]
[Round "8.3"]
[White "Mueller, Christian7777"]
[Black "Auburger, Philipp"]
[Result "1/2-1/2"]
[WhiteElo "2052"]
[BlackElo "2056"]
[PlyCount "89"]
[EventDate "2022.10.09"]
[EventType "team-tourn"]
[EventRounds "9"]
[EventCountry "GER"]
[SourceTitle "EXT 2024"]
[Source "ChessBase"]
[SourceDate "2023.10.10"]
[SourceVersion "1"]
[SourceVersionDate "2023.10.10"]
[SourceQuality "1"]
[WhiteTeam "Nuernberg Sued SW"]
[BlackTeam "Forchheim SC"]
[WhiteTeamCountry "GER"]
[BlackTeamCountry "GER"]

1. e4 e5 2. Nf3 Nf6 3. d4 Nxe4 4. Bd3 Nc6 5. Nxe5 Nxe5 6. dxe5 d5 7. exd6 Nxd6 8. 0-0 Be7 9. Qf3 0-0 10. Bf4 c6 11. Nc3 Qb6 12. Rfe1 Be6 13. Ne4 Rad8 14. Ng5 Bxg5 15. Bxg5 Rd7 16. Qh5 g6 17. Qh4 Nf5 18. Bxf5 Bxf5 19. g4 Rd4 20. Be3 Bxc2 21. b3 Qd8 22. Qg3 Rd7 23. g5 Rd5 24. h4 f6 25. gxf6 Qxf6 26. Bg5 Qf5 27. Bh6 Rd3 28. Re3 Rxe3 29. Qxe3 Qg4+ 30. Qg3 Qxg3+ 31. fxg3 Rf3 32. Rf1 Rxf1+ 33. Kxf1 Kf7 34. Ke2 Bb1 35. a3 Ba2 36. b4 Ke6 37. Kd3 Kd5 38. Kc3 Ke4 39. Bf4 Be6 40. Bb8 a6 41. a4 Kd5 42. a5 c5 43. Ba7 c4 44. Bb6 Ke4 45. Bc7 1/2-1/2

[Event "Mittelfrank Regionalliga Nord-Ost 2223"]
[Site "Mittelfranken"]
[Date "2023.02.05"]
[Round "6.3"]
[White "Albayrak, Nese Pinar"]
[Black "Auburger, Philipp"]
[Result "0-1"]
[WhiteElo "1867"]
[BlackElo "2056"]
[PlyCount "64"]
[EventDate "2022.10.09"]
[EventType "team-tourn"]
[EventRounds "9"]
[EventCountry "GER"]
[SourceTitle "EXT 2024"]
[Source "ChessBase"]
[SourceDate "2023.10.10"]
[SourceVersion "1"]
[SourceVersionDate "2023.10.10"]
[SourceQuality "1"]
[WhiteTeam "Nuernberg Noris Tarrasch III"]
[BlackTeam "Forchheim SC"]
[WhiteTeamCountry "GER"]
[BlackTeamCountry "GER"]

1. e4 e5 2. Nf3 Nf6 3. Nc3 Bb4 4. Nxe5 0-0 5. Be2 Re8 6. Nd3 Bxc3 7. dxc3 Nxe4 8. Nf4 d6 9. 0-0 Nd7 10. f3 Nef6 11. b3 Ne5 12. Bb2 h6 13. Re1 Bf5 14. Bf1 Qd7 15. Qd2 b5 16. a4 a6 17. Ra3 Qc6 18. Rea1 Qxf3 19. axb5 a5 20. Rxa5 Rxa5 21. Rxa5 Ne4 22. gxf3 Nxf3+ 23. Kh1 Nexd2 24. Bd3 Bxd3 25. cxd3 g5 26. Ng2 Re2 27. c4 Nxb3 28. Ra8+ Kh7 29. Rh8+ Kg6 30. Rg8+ Kh5 31. b6 Rf2 32. Nf4+ gxf4 0-1

[Event "Mittelfrank Regionalliga Nord-Ost 2223"]
[Site "Mittelfranken"]
[Date "2022.10.23"]
[Round "2.3"]
[White "Mueller, Christian7777"]
[Black "Auburger, Philipp"]
[Result "1-0"]
[WhiteElo "2052"]
[BlackElo "2056"]
[PlyCount "65"]
[EventDate "2022.10.09"]
[EventType "team-tourn"]
[EventRounds "9"]
[EventCountry "GER"]
[SourceTitle "EXT 2024"]
[Source "ChessBase"]
[SourceDate "2023.10.10"]
[SourceVersion "1"]
[SourceVersionDate "2023.10.10"]
[SourceQuality "1"]
[WhiteTeam "Windischeschenbach"]
[BlackTeam "Forchheim SC"]
[WhiteTeamCountry "GER"]
[BlackTeamCountry "GER"]

1. e4 e5 2. Nf3 Nf6 3. Nc3 Bb4 4. Nxe5 0-0 5. Be2 Re8 6. Nd3 Bxc3 7. dxc3 Nxe4 8. Nf4 c6 9. 0-0 d5 10. c4 d4 11. Bd3 Na6 12. Qf3 Nac5 13. b4 Nxd3 14. cxd3 Nc3 15. Bd2 Qf6 16. Bxc3 dxc3 17. Rac1 Qd6 18. Rxc3 Qxb4 19. d4 Bf5 20. d5 Be4 21. Qg3 Rad8 22. dxc6 bxc6 23. h4 Rd4 24. Re3 Red8 25. Kh2 h6 26. Rfe1 Qxc4 27. Ne2 Rd3 28. Qc7 Bf5 29. Nf4 R3d4 30. g3 Rd2 31. R3e2 Qxa2 32. Qxd8+ Rxd8 33. Rxa2 1-0

[Event "Mittelfrank Regionalliga Nord-Ost 2122"]
[Site "Mittelfranken"]
[Date "2022.05.08"]
[Round "8.7"]
[White "Auburger, Philipp"]
[Black "Luther, Helmut"]
[Result "1-0"]
[WhiteElo "2101"]
[BlackElo "1925"]
[PlyCount "103"]
[EventDate "2021.10.24"]
[EventType "team-tourn"]
[EventRounds "9"]
[EventCountry "GER"]
[SourceTitle "EXT 2024"]
[Source "ChessBase"]
[SourceDate "2023.10.10"]
[SourceVersion "1"]
[SourceVersionDate "2023.10.10"]
[SourceQuality "1"]
[WhiteTeam "Forchheim SC"]
[BlackTeam "Nuernberg Sued SW II"]
[WhiteTeamCountry "GER"]
[BlackTeamCountry "GER"]

1. e4 d5 2. exd5 Qxd5 3. Nc3 Qa5 4. d4 Nf6 5. Nf3 Bf5 6. Ne5 c6 7. Nc4 Qd8 8. Bf4 e6 9. Qd2 Be7 10. Be2 Nd5 11. Nxd5 exd5 12. Ne5 Nd7 13. 0-0 0-0 14. Rfe1 Nxe5 15. Bxe5 Bd6 16. Bd3 Bxd3 17. Qxd3 Re8 18. Re3 f6 19. Bxd6 Rxe3 20. Qxe3 Qxd6 21. Re1 Qd7 22. h4 Kf7 23. Qa3 a6 24. Qb4 Re8 25. Rxe8 Kxe8 26. Qb6 Qe7 27. Kf1 f5 28. Qa7 Kf7 29. c3 h6 30. Qb8 Kg6 31. g3 Kh7 32. Qe5 Qf7 33. Ke2 Qh5+ 34. f3 Qf7 35. Kd2 Qd7 36. Kc2 g6 37. Kb3 Qd8 38. Qe6 Kg7 39. Qe5+ Kh7 40. Qe6 Kg7 41. h5 gxh5 42. Qxf5 Qg5 43. Qd7+ Kg6 44. f4 Qg4 45. Qe8+ Kg7 46. Qe5+ Kg6 47. Kb4 Qd7 48. Kc5 Kh7 49. f5 Qd8 50. b4 Qa8 51. Qc7+ Kg8 52. f6 1-0

[Event "Mittelfrank Regionalliga Nord-Ost 2122"]
[Site "Mittelfranken"]
[Date "2022.04.03"]
[Round "7.6"]
[White "Auburger, Philipp"]
[Black "Hanisch, Friedrich"]
[Result "1/2-1/2"]
[WhiteElo "2101"]
[BlackElo "1975"]
[PlyCount "75"]
[EventDate "2021.10.24"]
[EventType "team-tourn"]
[EventRounds "9"]
[EventCountry "GER"]
[SourceTitle "EXT 2024"]
[Source "ChessBase"]
[SourceDate "2023.10.10"]
[SourceVersion "1"]
[SourceVersionDate "2023.10.10"]
[SourceQuality "1"]
[WhiteTeam "Forchheim SC"]
[BlackTeam "Altensittenbach"]
[WhiteTeamCountry "GER"]
[BlackTeamCountry "GER"]

1. e4 c6 2. c4 d5 3. cxd5 cxd5 4. exd5 Nf6 5. Bb5+ Nbd7 6. Nc3 a6 7. Ba4 b5 8. Bb3 Bb7 9. d4 Nb6 10. Nf3 Nbxd5 11. 0-0 e6 12. Bg5 Nxc3 13. bxc3 Be7 14. a4 0-0 15. Ne5 Nd5 16. Bd2 Nf6 17. Qe2 b4 18. Rac1 bxc3 19. Bxc3 Rc8 20. Bb2 Qb6 21. Ba2 Rxc1 22. Rxc1 Rc8 23. Rxc8+ Bxc8 24. Qc2 Bb7 25. h3 Bd6 26. Qb3 Qxb3 27. Bxb3 Bd5 28. Bc2 Bb4 29. f3 g6 30. Kf2 Kf8 31. Nd3 Bd6 32. Bc3 Ke7 33. g4 h5 34. Ne5 hxg4 35. hxg4 Nd7 36. Nxd7 Kxd7 37. Bd3 Bc6 38. Bxa6 1/2-1/2

[Event "Mittelfrank Regionalliga Nord-Ost 2122"]
[Site "Mittelfranken"]
[Date "2022.03.13"]
[Round "6.7"]
[White "Auburger, Philipp"]
[Black "Maettig, Stefan"]
[Result "1-0"]
[WhiteElo "2101"]
[BlackElo "1911"]
[PlyCount "47"]
[EventDate "2021.10.24"]
[EventType "team-tourn"]
[EventRounds "9"]
[EventCountry "GER"]
[SourceTitle "EXT 2024"]
[Source "ChessBase"]
[SourceDate "2023.10.10"]
[SourceVersion "1"]
[SourceVersionDate "2023.10.10"]
[SourceQuality "1"]
[WhiteTeam "Forchheim SC"]
[BlackTeam "Nuernberg Noris Tarrasch III"]
[WhiteTeamCountry "GER"]
[BlackTeamCountry "GER"]

1. e4 d6 2. d4 Nf6 3. Nc3 c6 4. f4 Bg4 5. Qd3 Bc8 6. Nf3 g6 7. Be3 Bg7 8. 0-0-0 b5 9. e5 Bf5 10. exf6 Bxd3 11. fxg7 Rg8 12. Bxd3 a6 13. Rhe1 f6 14. f5 Kf7 15. fxg6+ hxg6 16. Bh6 Ra7 17. Ng5+ Ke8 18. Bxg6+ Kd7 19. Bf5+ Ke8 20. Ne6 Qa5 21. Bg6+ Kd7 22. Bf7 Rxg7 23. Bxg7 b4 24. Ne4 1-0

[Event "Landesliga Nord 1819"]
[Site "Bayern"]
[Date "2019.01.20"]
[Round "5.7"]
[White "Auburger, Philipp"]
[Black "Lukas, Norbert"]
[Result "1/2-1/2"]
[WhiteElo "2056"]
[BlackElo "1922"]
[PlyCount "70"]
[EventDate "2018.10.21"]
[EventType "team-tourn"]
[EventRounds "9"]
[EventCountry "GER"]
[SourceTitle "EXT 2022"]
[Source "ChessBase"]
[SourceDate "2021.10.06"]
[SourceVersion "1"]
[SourceVersionDate "2021.10.06"]
[SourceQuality "1"]
[WhiteTeam "Forchheim SC"]
[BlackTeam "Schweinfurt"]
[WhiteTeamCountry "GER"]
[BlackTeamCountry "GER"]

1. e4 c5 2. c3 Nc6 3. d4 cxd4 4. cxd4 e6 5. Nf3 d5 6. e5 Bb4+ 7. Nc3 Nge7 8. Bd3 Nf5 9. Be3 Nxe3 10. fxe3 0-0 11. 0-0 f5 12. exf6 Qxf6 13. Qe2 Qh6 14. Rf2 Bd7 15. Raf1 a6 16. e4 Bxc3 17. bxc3 b5 18. exd5 exd5 19. Ne5 Rxf2 20. Qxf2 Nxe5 21. dxe5 Be6 22. Qd4 Qg5 23. Bc2 Qe7 24. Bb3 Qa7 25. Rd1 Qxd4+ 26. Rxd4 Rc8 27. Bxd5 Bxd5 28. Rxd5 Rxc3 29. e6 Kf8 30. h4 Rc2 31. Rd7 Re2 32. Rf7+ Kg8 33. Re7 g6 34. Re8+ Kg7 35. e7 Kf7 1/2-1/2

[Event "Landesliga Nord 1516"]
[Site "Bayern"]
[Date "2015.12.13"]
[Round "4.5"]
[White "Nuding, Matthias"]
[Black "Auburger, Philipp"]
[Result "1/2-1/2"]
[WhiteElo "2061"]
[BlackElo "2055"]
[PlyCount "43"]
[EventDate "2015.10.11"]
[EventType "team-tourn"]
[EventRounds "9"]
[EventCountry "GER"]
[SourceTitle "EXT 2018"]
[Source "ChessBase"]
[SourceDate "2017.10.13"]
[SourceVersion "1"]
[SourceVersionDate "2017.10.13"]
[SourceQuality "1"]
[WhiteTeam "Nuernberg NT II"]
[BlackTeam "Forchheim II"]
[WhiteTeamCountry "GER"]
[BlackTeamCountry "GER"]

1. e4 e5 2. Nf3 Nf6 3. Nxe5 d6 4. Nf3 Nxe4 5. Qe2 Qe7 6. d3 Nf6 7. Bg5 Qxe2+ 8. Bxe2 Be7 9. Nc3 h6 10. Bd2 0-0 11. 0-0 c6 12. Rfe1 Na6 13. a3 Nc7 14. Nd4 Re8 15. Bf3 Bd7 16. Re2 Bf8 17. Rae1 g6 18. Nb3 b6 19. Nd4 Rxe2 20. Rxe2 d5 21. Bf4 Ne6 22. Be5 1/2-1/2

[Event "Regionalliga NO 1415"]
[Site "Bayern"]
[Date "2015.04.12"]
[Round "9.6"]
[White "Auburger, Philipp"]
[Black "Schoen, Rudolf"]
[Result "1-0"]
[WhiteElo "2055"]
[BlackElo "1879"]
[PlyCount "105"]
[EventDate "2014.10.19"]
[EventType "team-tourn"]
[EventRounds "9"]
[EventCountry "GER"]
[SourceTitle "EXT 2018"]
[Source "ChessBase"]
[SourceDate "2017.10.13"]
[SourceVersion "1"]
[SourceVersionDate "2017.10.13"]
[SourceQuality "1"]
[WhiteTeam "Forchheim II"]
[BlackTeam "Windischeschenbach"]
[WhiteTeamCountry "GER"]
[BlackTeamCountry "GER"]

1. e4 c5 2. c3 d5 3. exd5 Qxd5 4. d4 e5 5. dxe5 Qxd1+ 6. Kxd1 Nc6 7. f4 Nh6 8. Nf3 Bg4 9. Be2 0-0-0+ 10. Ke1 Be7 11. Kf2 f6 12. exf6 Bxf6 13. Be3 b6 14. h3 Rhe8 15. Ba6+ Kc7 16. Nbd2 Bxf3 17. Nxf3 Nf5 18. Rae1 Re4 19. Ng5 Bxg5 20. fxg5 Nxe3 21. Rxe3 Rd2+ 22. Ke1 Rxe3+ 23. Kxd2 Rg3 24. Rh2 Ne5 25. Be2 Rxg5 26. g4 Rg6 27. Ke3 Rh6 28. Kf4 Kd6 29. h4 Rf6+ 30. Kg3 h6 31. h5 Kd5 32. Bd1 c4 33. Rd2+ Ke6 34. Bc2 Rf3+ 35. Kg2 Rf4 36. Bf5+ Ke7 37. Rf2 Rxf2+ 38. Kxf2 Kd6 39. Ke3 Kd5 40. Kf4 Nd3+ 41. Bxd3 cxd3 42. Ke3 d2 43. Kxd2 Ke4 44. a4 Kf4 45. b4 Kxg4 46. c4 Kf5 47. Kd3 g5 48. hxg6 Kxg6 49. b5 Kf6 50. c5 bxc5 51. a5 Ke6 52. b6 axb6 53. a6 1-0

[Event "Regionalliga NO 1314"]
[Site "Bayern"]
[Date "2014.02.23"]
[Round "7.3"]
[White "Meulner, Klaus"]
[Black "Auburger, Philipp"]
[Result "1-0"]
[WhiteElo "2096"]
[BlackElo "1959"]
[PlyCount "79"]
[EventDate "2013.10.13"]
[EventType "team-tourn"]
[EventRounds "9"]
[EventCountry "GER"]
[SourceTitle "EXT 2015"]
[Source "ChessBase"]
[SourceDate "2014.11.20"]
[SourceVersion "1"]
[SourceVersionDate "2014.11.20"]
[SourceQuality "1"]
[WhiteTeam "Nuernberg Sued SW II"]
[BlackTeam "Forchheim II"]
[WhiteTeamCountry "GER"]
[BlackTeamCountry "GER"]

1. d4 Nf6 2. c4 g6 3. Nc3 d5 4. Bg5 Ne4 5. Bh4 Nxc3 6. bxc3 Bg7 7. e3 c5 8. cxd5 Qxd5 9. Nf3 Nc6 10. Be2 0-0 11. 0-0 cxd4 12. cxd4 e5 13. dxe5 Qxd1 14. Rfxd1 Nxe5 15. Nd4 Bd7 16. Rab1 Ba4 17. Rdc1 Rac8 18. h3 Rxc1+ 19. Rxc1 Nc6 20. Nb5 Bb2 21. Rb1 Be5 22. f4 Bg7 23. Nd6 b6 24. Rc1 Rb8 25. Bf3 Nd8 26. Rc8 Rxc8 27. Nxc8 Ne6 28. Nxa7 Bf8 29. Bf2 Bc2 30. Bd5 Bd3 31. Nc6 Kg7 32. g3 Nc7 33. Bb3 f5 34. Be1 Ba3 35. Bc3+ Kf8 36. Ne5 Be4 37. Nd7+ Ke7 38. Nxb6 Nb5 39. Bd2 Bd3 40. Nc4 1-0

[Event "Forchheim op-A 12th"]
[Site "Forchheim"]
[Date "2013.09.30"]
[Round "3"]
[White "Mager, Denis"]
[Black "Auburger, Philipp"]
[Result "1-0"]
[WhiteElo "2054"]
[BlackElo "1975"]
[PlyCount "69"]
[EventDate "2013.09.27"]
[EventType "swiss"]
[EventRounds "5"]
[EventCountry "GER"]
[SourceTitle "CBM 156 Extra"]
[Source "ChessBase"]
[SourceDate "2013.10.22"]
[SourceVersion "1"]
[SourceVersionDate "2013.10.22"]
[SourceQuality "1"]

1. c4 Nf6 2. Nc3 d5 3. d4 g6 4. cxd5 Nxd5 5. Bd2 Bg7 6. e4 Nb6 7. Be3 0-0 8. h3 c5 9. d5 N6d7 10. Nf3 a6 11. a4 Qa5 12. Qc1 Rd8 13. Bd2 Qc7 14. Be2 Ne5 15. 0-0 Nbd7 16. Be3 Nxf3+ 17. Bxf3 Rb8 18. Rd1 b5 19. d6 exd6 20. Nd5 Qa7 21. Ne7+ Kh8 22. Nc6 Qc7 23. Nxd8 Qxd8 24. Rxd6 Qc7 25. Rd2 c4 26. axb5 Rxb5 27. Rc2 Ne5 28. Be2 Bb7 29. Bxc4 Nxc4 30. Rxc4 Qe7 31. Bd4 Bxd4 32. Rxd4 Bxe4 33. Qc3 Kg8 34. Re1 Re5 35. f3 1-0

[Event "Forchheim op-A 12th"]
[Site "Forchheim"]
[Date "2013.09.29"]
[Round "4"]
[White "Auburger, Philipp"]
[Black "Meulner, Klaus"]
[Result "1-0"]
[WhiteElo "1975"]
[BlackElo "2158"]
[PlyCount "85"]
[EventDate "2013.09.27"]
[EventType "swiss"]
[EventRounds "5"]
[EventCountry "GER"]
[SourceTitle "CBM 156 Extra"]
[Source "ChessBase"]
[SourceDate "2013.10.22"]
[SourceVersion "1"]
[SourceVersionDate "2013.10.22"]
[SourceQuality "1"]

1. e4 Nc6 2. Nf3 e5 3. Bc4 Nf6 4. d4 exd4 5. 0-0 Nxe4 6. Re1 d5 7. Bxd5 Qxd5 8. Nc3 Qh5 9. Nxe4 Be6 10. Neg5 0-0-0 11. Nxe6 fxe6 12. Bg5 Rd7 13. Rxe6 Bd6 14. Bh4 Bxh2+ 15. Kxh2 g5 16. Nxg5 Qxh4+ 17. Nh3 d3 18. cxd3 Nd4 19. Re4 Qf6 20. Qa4 a6 21. Rae1 b5 22. Qa5 Kb7 23. Qc3 Qd6+ 24. Kh1 Rg8 25. R1e3 h5 26. b3 Rg4 27. Re5 Nc6 28. Re6 Qd5 29. f3 Rd4 30. Rf6 Rh4 31. Re4 Rxh3+ 32. gxh3 Nb8 33. Re5 Qg8 34. Qe1 Rd4 35. Rxh5 Qd8 36. Rff5 Rxd3 37. Qe4+ Ka7 38. Rd5 Rd1+ 39. Kh2 Rd2+ 40. Kg3 Rxd5 41. Qxd5 Qf6 42. Qe5 Qf7 43. Qc5+ 1-0

[Event "Forchheim op-A 12th"]
[Site "Forchheim"]
[Date "2013.09.28"]
[Round "2"]
[White "Bachstein, Dustin"]
[Black "Auburger, Philipp"]
[Result "1-0"]
[WhiteElo "2082"]
[BlackElo "1975"]
[PlyCount "109"]
[EventDate "2013.09.27"]
[EventType "swiss"]
[EventRounds "5"]
[EventCountry "GER"]
[SourceTitle "CBM 156 Extra"]
[Source "ChessBase"]
[SourceDate "2013.10.22"]
[SourceVersion "1"]
[SourceVersionDate "2013.10.22"]
[SourceQuality "1"]

1. d4 Nf6 2. c4 g6 3. Nf3 Bg7 4. g3 c6 5. Bg2 0-0 6. 0-0 d5 7. cxd5 cxd5 8. Nc3 Nc6 9. Qb3 e6 10. Bg5 Qb6 11. Qxb6 axb6 12. e3 Bd7 13. Bh3 Rfc8 14. Bxf6 Bxf6 15. Nxd5 exd5 16. Bxd7 Rc7 17. Bh3 Nb4 18. a3 Nd3 19. Rab1 Rc2 20. Ne1 Nxe1 21. Rfxe1 b5 22. Rec1 Rc4 23. Bf1 Rxc1 24. Rxc1 b4 25. axb4 Ra4 26. b5 Rb4 27. Rc7 Rxb2 28. Rxb7 Kg7 29. Rd7 h5 30. Rxd5 h4 31. Rd7 Rb1 32. f4 g5 33. Kf2 Rb2+ 34. Be2 hxg3+ 35. hxg3 Kg6 36. e4 gxf4 37. gxf4 Rb3 38. f5+ Kg7 39. Rxf7+ Kxf7 40. Bc4+ Ke7 41. Bxb3 Bxd4+ 42. Ke2 Kf6 43. Kd3 Bb6 44. Kc4 Ke5 45. f6 Kxf6 46. Kd5 Ke7 47. Kc6 Bf2 48. e5 Bg3 49. e6 Bh2 50. b6 Kd8 51. Kb7 Bg1 52. Ka6 Bc5 53. b7 Be7 54. Ka7 Bc5+ 55. Ka8 1-0